00376nam a2200121Ia 4500008004100000245011500041260001700156260000900173300000800182650002300190650001200213856002900225170516s9999 xx 000 0 und d aCopy Number Variation Analysis by Ligation-Dependent PCR Based on Magnetic Nanoparticles and Chemiluminescence bTheranostics c2015 a5:1 xMedical Technology xMedtech uhttp://www.thno.org/v5i1